Statistics for Countries with most McDonald's restaurants

Click here to take the quiz!

General Stats

  • This quiz has been taken 2,869 times
    (1,664 since last reset)
  • The average score is 12 of 15

Answer Stats

Number of outletsCountry% Correct
14,267United States
99%
2000+China
91%
1,240United Kindom
89%
1,427Canada
87%
1,300+France
87%
3,164Japan
86%
1,477Germany
85%
402Mexico
79%
510Russia
77%
812Brazil
75%
481Spain
75%
920Australia
73%
512Italy
73%
409South Korea
50%
400+Philippines
25%

Score Distribution

Percentile by Number Answered

Percent of People with Each Score

Your Score History

You have not taken this quiz since the last reset